LEADER 00940cam0-2200313---450- 001 990004658440403321 005 20090721161218.0 035 $a000465844 035 $aFED01000465844 035 $a(Aleph)000465844FED01 035 $a000465844 100 $a19990604d1965----km-y0itay50------ba 101 0 $aeng 102 $aUS 105 $aaf--e---001yy 200 1 $aEnglish-Wappo vocabulary$fby Jesse O. Sawyer 210 $aBerkeley ; Los Angeles$cUniversity of California Press$d1965 215 $aX, 128 p., 1 c. di tav.$cill.$d26 cm 225 1 $aUniversity of California publications in linguistics$v43 610 0 $aLingua wappo$aDizionari inglesi 676 $a497.5 700 1$aSawyer,$bJesse O.$0185458 801 0$aIT$bUNINA$gRICA$2UNIMARC 901 $aBK 912 $a990004658440403321 952 $a497.5 SAW 1$bBibl.39870$fFLFBC 959 $aFLFBC 996 $aEnglish-Wappo vocabulary$9553633 997 $aUNINA LEADER 00906nam0-2200313---450 001 990008487950403321 005 20190320115843.0 010 $a1-4020-3701-5 035 $a000848795 035 $aFED01000848795 035 $a(Aleph)000848795FED01 035 $a000848795 100 $a20070320d2005----km-y0itay50------ba 101 0 $aeng 102 $aNL 105 $aa-------001yy 200 1 $aPlant resistance to arthropods$emolecular and conventional approaches$fCharles Michael Smith 210 $aDordrecht$cSpringer$dc2005 215 $aIX, 423 p.$cill.$d25 cm 610 0 $aDifesa vegetale 676 $a632.65$v23$zita 700 1$aSmith,$bCharles Michael$079141 801 0$aIT$bUNINA$gRICA$2UNIMARC 901 $aBK 912 $a990008487950403321 952 $a60 632.65 SMIC 2005$b10640$fFAGBC 959 $aFAGBC 996 $aPlant resistance to arthropods$9730839 997 $aUNINA